header

The abominable snowman pasadena (Record no. 261245)

MARC details
000 -LEADER
fixed length control field 00252nam a22001097a 4500
020 ## - INTERNATIONAL STANDARD BOOK NUMBER
ISBN 9781407157351
100 ## - MAIN ENTRY--AUTHOR NAME
Personal name R. L. STINE
245 ## - TITLE STATEMENT
Title The abominable snowman pasadena
260 ## - PUBLICATION, DISTRIBUTION, ETC. (IMPRINT)
Place of publication New York
Name of publisher Scholastic
Year of publication 1995
490 ## - SERIES STATEMENT
Series statement Goosebumps
942 ## - ADDED ENTRY ELEMENTS (KOHA)
Koha item type Long Loan Books
Holdings
Withdrawn status Lost status Collection code Home library Current library Date acquired Accession Number Koha item type
    Fiction Rongo University Library Rongo University Library 01/11/2023 CL20222045 Long Loan Books

© 2026 Rongo University
Contact us: librarian | system librarian | Rongo university